Poissons d'eau douce en France - Statistiques

Statistiques générales
  • Ce quiz a été pris 1 527 fois
    1 512 depuis la dernière actualisation
  • Le résultat moyen est 15 sur 43
Statistiques - réponses
Espèce % Correct
Brochet
90%
Carpe
89%
Perche
82%
Silure
81%
Gardon
76%
Sandre
68%
Saumon Atlantique
58%
Anguille
55%
Poisson Chat
53%
Brème
52%
Tanche
50%
Goujon
48%
Black-bass
47%
Perche Soleil
47%
Truite Arc-en-ciel
47%
Able
46%
Ablette
43%
Truite Fario
43%
Chevesne
41%
Barbeau
34%
Esturgeon
34%
Vairon
32%
Rotengle
29%
Carassin
27%
Aspe
23%
Ombre
23%
Omble chevalier
17%
Épinoche
15%
Loche
14%
Chabot
13%
Omble de fontaine
13%
Vandoise
12%
Grémille
11%
Hotu
11%
Mulet
11%
Alose
10%
Ide Mélanote
7%
Bouvière
6%
Épinochette
6%
Corégone
5%
Crapet
5%
Lote
5%
Plie
5%
Aucun quiz correspondant
Distribution des résultats
% des personnes avec chaque résultat
Percentile par nombre de réponses
Votre historique - résultats
Vous n’avez pas pris ce quiz depuis la dernière actualisation